Medaliści IMP na żużlu w latach 1981-2000 - Statystyki

Ogólne statystyki
  • Ten quiz został rozwiązany 23 razy
  • Średni wynik to 32 z 60
Statystyki odpowiedzi
Rok Miasto Złoto % Poprawnych
1981 Leszno Roman Jankowski
83%
Jarosław Hampel
75%
1993 Bydgoszcz Tomasz Gollob
75%
1994 Wrocław Tomasz Gollob
75%
1995 Wrocław Tomasz Gollob
75%
Tomasz Gollob
75%
Andrzej Huszcza
67%
Andrzej Huszcza
67%
Edward Jancarz
67%
1983 Gdańsk Edward Jancarz
67%
1998 Bydgoszcz Jacek Gollob
67%
2000 Piła Jacek Gollob
67%
1999 Bydgoszcz Piotr Protasiewicz
67%
1992 Zielona Góra Tomasz Gollob
67%
Tomasz Gollob
67%
Tomasz Gollob
67%
Zenon Plech
67%
1982 Zielona Góra Andrzej Huszcza
58%
1988 Leszno Roman Jankowski
58%
1996 Warszawa Sławomir Drabik
58%
Sławomir Drabik
58%
Tomasz Gollob
58%
Wojciech Żabiałowicz
58%
1987 Toruń Wojciech Żabiałowicz
58%
1989 Leszno Wojciech Załuski
58%
Zenon Plech
58%
1984 Gorzów Wlkp. Zenon Plech
58%
1985 Gorzów Wlkp. Zenon Plech
58%
Jacek Krzyżaniak
50%
1997 Częstochowa Jacek Krzyżaniak
50%
Maciej Jaworek
50%
1986 Zielona Góra Maciej Jaworek
50%
Roman Jankowski
50%
Roman Jankowski
50%
Roman Jankowski
50%
1991 Toruń Sławomir Drabik
50%
Wiesław Jaguś
50%
Wojciech Załuski
50%
Adam Łabędzki
42%
Bolesław Proch
42%
Jacek Krzyżaniak
42%
Jacek Krzyżaniak
42%
Jan Krzystyniak
42%
Jerzy Rembas
42%
Leonard Raba
42%
Mirosław Korbel
42%
Piotr Świst
42%
Piotr Świst
42%
Rafał Dobrucki
42%
Tomasz Świątkiewicz
42%
Zenon Kasprzak
42%
Zenon Kasprzak
42%
1990 Lublin Zenon Kasprzak
42%
Grzegorz Kuźniar
33%
Jan Krzystyniak
33%
Jarosław Olszewski
33%
Jarosław Szymkowiak
33%
Robert Sawina
33%
Sławomir Dudek
33%
Tomasz Gollob
33%
Nie znaleziono quizów pasujących do podanych kryteriów
Rozkład punktacji
Procent ludzi z każdym wynikiem
Percentyl według liczby udzielonych odpowiedzi
Twoja historia wyników
Nie rozwiązałeś tego quizu